Dirofilariasis /

Canine heartworm disease.

Bibliographic Details
Other Authors: Boreham, Peter F. L., Atwell, Richard B.
Format: Book
Language:English
Published: Boca Raton, Fla. : CRC Press, [1988]
Subjects:

MARC

Tag First Indicator Second Indicator Subfields
LEADER 00000cam a22000008a 4500
001 in00004457571
005 20191202121130.0
008 870402s1988 fluab b 00100 eng d
010 |a  87010348  
020 |a 0849364884 
035 |a (OCoLC)15549283 
035 |z (UtOrBLW)3119 
035 |a 4719 
040 |a DNLM/DLC  |c DLC  |d m/c  |d TMV  |d UtOrBLW 
049 |a TMVM  |c 1 
050 0 0 |a SF992.H4  |b D57 1988 
060 0 |a SF 992.H4 D599 
060 4 |a SF 992.H4  |b D599 1988 
245 0 0 |a Dirofilariasis /  |c editors, Peter F.L. Boreham, Richard B. Atwell. 
264 1 |a Boca Raton, Fla. :  |b CRC Press,  |c [1988] 
264 4 |c ©1988 
300 |a 249 pages :  |b illustrations, maps ;  |c 26 cm. 
336 |a text  |2 rdacontent  |b txt 
337 |a unmediated  |2 rdamedia 
338 |a volume  |2 rdacarrier  |b nc 
504 |a Includes bibliographical references and index. 
520 8 |a Canine heartworm disease. 
520 8 |a Dirofilaria immitis. 
650 2 |a Dirofilariasis  |x veterinary. 
650 2 |a Dog Diseases. 
650 2 |a Filarioidea. 
700 1 |a Boreham, Peter F. L. 
700 1 |a Atwell, Richard B. 
999 |a MARS 
999 f f |s 727a94e7-3299-3312-94a3-3f5129ad5614  |i b026e76d-f62b-3346-9098-1b378805eee6  |t 0 
952 f f |p preservation  |a Texas A&M University  |b J.J. Pickle Campus  |c High Density Repository  |d Remote Storage  |t 0  |e SF 992.H4 D599 1988  |h National Library of Medicine classification  |i unmediated -- volume  |m 323890029755A 
998 f f |a SF 992.H4 D599 1988  |t 0  |l Remote Storage